Las Relaciones externas de la CEE /

Tallennettuna:
Bibliografiset tiedot
Päätekijä: Lopes, GilBerto
Yhteisötekijä: Seminario Proyecto de Formación de Periodistas Centroamericanos en Temas de la Comunidad Europea
Muut tekijät: edit
Aineistotyyppi: Teksti
Julkaistu: San José: FLACSO
Tagit: Lisää tagi
Ei tageja, Lisää ensimmäinen tagi!

MARC

LEADER 00000 a a2200000 04500
001 23418
003
040
020 |a 9977-68-045-9  
090 |a 162700  
100 |a Lopes, GilBerto  
110 |a Seminario Proyecto de Formación de Periodistas Centroamericanos en Temas de la Comunidad Europea  
245 |a Las Relaciones externas de la CEE /  |c Gilberto Lopes 
260 |a San José:   |b FLACSO  
300 |a 194 p.; n. 2  
700 |a edit.  
999 |c 17624  |d 17624